The Bangladesh integrated nutrition project : effectiveness and lessons.

Podrobná bibliografie
Korporativní autor: World Bank. Bangladesh Dhaka Office
Médium: Kniha
Jazyk:English
Vydáno: [Dhaka] : World Bank Office, Dhaka, 2005.
Edice:Bangladesh development series ; paper no. 8
Témata:
Classic Catalogue: View this record in Classic Catalogue
LEADER 01555nam a2200301 a 4500
001 14532292
003 BD-DhAAL
005 20250819132713.0
008 090721s2005 bg a b i000 0 eng d
010 |a  2006561704 
040 |a DLC  |c DLC  |d BD-DhAAL 
082 0 0 |a 338.1/9/5492  |2 22 
245 0 4 |a The Bangladesh integrated nutrition project :  |b effectiveness and lessons. 
260 |a [Dhaka] :  |b World Bank Office, Dhaka,  |c 2005. 
300 |a xii, 86 pages :  |b illustrations ;  |c 29 cm. 
490 0 |a Bangladesh development series ;  |v paper no. 8 
500 |a "Document of the World Bank." 
504 |a Includes bibliographical references (p. 83-86). 
526 |x Salim khan Sr. program Associate James P. Grant School. Course name and no. N/A 
541 1 |a A H Development publishing house  |e 00018472 
650 0 |a Nutrition policy  |z Bangladesh.  |9 57959 
650 0 |a Nutrition  |z Bangladesh.  |9 17084 
710 2 |a World Bank.  |b Bangladesh Dhaka Office. 
852 4 |a School of Public Health   |j General Shelf. 
942 |2 ddc  |c BK 
999 |c 2641  |d 2641 
952 |0 0  |1 0  |2 ddc  |4 0  |6 338_195492000000000_BAN_2005  |7 0  |9 2415  |a JPGSPH  |b JPGSPH  |d 2009-04-29  |e A H Development Publishing House.  |g 7800.00  |l 0  |o 338.195492 BAN  |p 3060018472  |r 2009-07-22  |t 2  |w 2009-07-22  |y BK  |x Requisitioned by Salim khan, Sr. program Associate, James P. Grant School. Course name and no. N/A 
952 |0 0  |1 0  |2 ddc  |4 0  |6 338_195492000000000_BAN_2005  |7 0  |9 4090  |a BRACUL  |b BRACUL  |c GEN  |d 2009-10-11  |g 0.00  |l 0  |o 338.195492 BAN  |p 3010015640  |r 2009-10-11  |t 1  |w 2009-10-11  |y BK  |x No price found in the accession register.